书目信息 |
| 题名: |
3ds Max 2016中文版+VRay效果图制作从入门到精通
|
|
| 作者: | ;亿瑞设计 编著 | |
| 分册: | ||
| 出版信息: | 北京 清华大学出版社 2018 |
|
| 页数: | 483页 | |
| 开本: | 26cm | |
| 丛书名: | ||
| 单 册: | ||
| 中图分类: | TU238.2-39 , TP391.414 | |
| 科图分类: | ||
| 主题词: | 室内装饰设计--计算机辅助设计--三维动画软件--基本知识 , 计算机应用 | |
| 电子资源: | ||
| ISBN: | 978-7-302-44883-9 | |
| 000 | 01096nam0 2200265 450 | |
| 001 | 4634 | |
| 005 | 20181012144013.68 | |
| 010 | @a978-7-302-44883-9@dCNY118.00 | |
| 100 | @a20180315d2018 em y0chiy50 ea | |
| 101 | 0 | @achi |
| 102 | @aCN@b110000 | |
| 105 | @aa z 000yy | |
| 200 | 1 | @a3ds Max 2016中文版+VRay效果图制作从入门到精通@93ds Max 2016 zhong wen ban +VRay xiao guo tu zhi zuo cong ru men dao jing tong@f亿瑞设计编著 |
| 210 | @a北京@c清华大学出版社@d2018 | |
| 215 | @a483页@c图@d26cm@e1光盘 | |
| 300 | @a清华社“视频大讲堂”大系 CG技术视频大讲堂 | |
| 307 | @a附光盘:ISBN 978-7-89395-953-0 | |
| 330 | @a本书结合3ds Max和VRay,详细介绍两者在效果图制作方面的完美搭配使用。共25章,前12章介绍了3ds Max和VRay的基础知识、使用方法和操作技巧;后13章以13个大型综合案例的形式详细介绍了3ds Max和VRay在实际设计中的配合使用。 | |
| 606 | 0 | @a室内装饰设计@x计算机辅助设计@x三维动画软件@x基本知识 |
| 606 | 0 | @a计算机应用 |
| 690 | @aTU238.2-39@v5 | |
| 690 | @aTP391.414@v4 | |
| 711 | 02 | @a亿瑞设计@9yi rui she ji@4编著 |
| 801 | 0 | @aCN@b91MARC@c20180315 |
| 905 | @aMuseLib@dTP391.414@e1601 | |
| 3ds Max 2016中文版+VRay效果图制作从入门到精通/亿瑞设计编著.-北京:清华大学出版社,2018 |
| 483页:图;26cm+1光盘 |
| 清华社“视频大讲堂”大系 CG技术视频大讲堂 |
| ISBN 978-7-302-44883-9:CNY118.00 |
| 本书结合3ds Max和VRay,详细介绍两者在效果图制作方面的完美搭配使用。共25章,前12章介绍了3ds Max和VRay的基础知识、使用方法和操作技巧;后13章以13个大型综合案例的形式详细介绍了3ds Max和VRay在实际设计中的配合使用。 |
| ● |
| 相关链接 |
|
|
|
|
正题名:3ds Max 2016中文版+VRay效果图制作从入门到精通
索取号:TP391.414/1601
 
预约/预借
| 序号 | 登录号 | 条形码 | 馆藏地/架位号 | 状态 | 备注 |
| 1 | 1126067 | 211260678 | 第二样本阅览室/ [索取号:TP391.414/1601] | 在馆 | |
| 2 | 1126068 | 211260687 | 第三借阅区/ [索取号:TP391.414/1601] | 在馆 | |
| 3 | 1126069 | 211260696 | 第三借阅区/ [索取号:TP391.414/1601] | 在馆 | |
| 4 | 1126070 | 211260703 | 第三借阅区/ [索取号:TP391.414/1601] | 在馆 |